=LDR 00000nam 2200000 4500 =001 INLIS000000000046639 =005 20150416101309.0 =006 =007 =008 =020 ##$$a 979-24-0523-2 =035 ##$$0010-041500000000121 =040 ##$$a NBPDMAT =082 ##$$a 659.312 =090 ##$$a 659.312 $b Bag r =100 ##$$a Bagus Widayat =245 ##$$a rumus baru menguasai psikotes, TPA & wawancara kerja $c Bagus Widayat =250 ##$$a Cet.5 =260 ##$$a klaten $b imagepress $c 2008 =300 ##$$a Vi, 157 hlm $b ilust $c 19 cm. =500 ##$$a Bibliografi : hlm.157 =700 ##$$a Bagus Widayat =990 ##$$a 0001/BPAP-NTB/20142015 =990 ##$$a 0001/BPAP-NTB/2015